000 00491nam a22002057a 4500
003 LK-CoDNM
005 20241230144004.0
008 241230b |||||||| |||| 00| 0 eng d
040 _aLK-CoDNM
_dLK-CoDNM
_eLK-CoDNM
041 _aeng
080 _a3
_bL5
100 _aKONOW F W
245 _aGENERA INSECTORU HYMENOPTERA
246 _aFAM PENTATOMIDAE
260 _c1904-1905
_aBRUXELLES
300 _a46p. : ill ; 27 cm
490 _vVOL 5
650 _ascience
942 _cBK
999 _c234406
_d234406